00737nam a2200193Ia 4500003000900000005001700009008004100026040001600067080002700083111007600110245015800186260003500344300001700379490004900396650004100445650001200486650001800498700002700516IN-BaIIA20250707110155.0211028s9999 xx 000 0 eng d cIIA Library a629.19 (047.1)bPAA-23 aAIAA  Conference on Thermophysicsn4thcSan Franciscod1969 June 16-18 0aThermophysicsbapplications to thermal design of spacecraft; proceedings of  AIAA  Conference held in San Francisco, June 16-18, 1969cJerry T. Benvans aNew YorkbAcademic Pressc1970 axviii, 580p. aProgress in astronautics and aeronauticsv23 aAstronomy and Astrophysics Thesaurus aPhysics aThermophysics aBenvans, Jerry T., ed.